000 00813cam a2200205 i 4500
005 20251211104448.0
008 250721s2015 jo gr 000 0 ara d
082 1 4 _a216.25
_bع ا ر
100 1 _aالعارضي، وجدان فريق عناد
_eمؤلف.
245 1 0 _aإمارة الحج :
_bفي المغرب العربي و الأندلس 138-635 هـ /755 -1237 م /
_cالاستاذه الدكتوره وجدان فريق عناد العارضي.
264 3 1 _aعمان :
_bدار أمجد للنشر والتوزيع،
_c2015.
300 _a278 صفحة.
650 1 7 _aالحج.
650 1 7 _aالأماكن المقدسة.
650 1 7 _aالعبادات.
650 1 7 _aالأندلس.
650 1 7 _aالمغرب العربي.
942 _2ddc
_cBK
999 _c135990
_d135990